00406nam a22000857a 450000500170000010000200001724500630003726002000010065000200030020250812161448.0 aKitamura Dick H 0aOur dream to globalize rubber business toward 21st century bProceedings of the International Rubber Marketing Conference 1996 held in Phuket, 11-13 April.roceedings of the International Rubber Marketing Conference 1996 held in Phuket, 11-13 April.p197-200 aRubber exchange